Home Print Resources E-Books E-Journals IIMT Lecture Series Library Membership Form Book Recommendation Form Campus Tour Take AdmissionAbout Us Contact Us

WORKSHOP TECHNOLOGY- I (Record no. 7588)

000 -LEADER
fixed length control field 00329nam a2200145Ia 4500
003 - CONTROL NUMBER IDENTIFIER
control field OSt
005 - DATE AND TIME OF LATEST TRANSACTION
control field 20240213165713.0
008 - FIXED-LENGTH DATA ELEMENTS--GENERAL INFORMATION
fixed length control field 170524s9999 xx 000 0 und d
020 ## - INTERNATIONAL STANDARD BOOK NUMBER
International Standard Book Number 9789380712536
040 ## - CATALOGING SOURCE
Transcribing agency IIMT
100 ## - MAIN ENTRY--PERSONAL NAME
Personal name YADAV
245 #0 - TITLE STATEMENT
Title WORKSHOP TECHNOLOGY- I
260 ## - PUBLICATION, DISTRIBUTION, ETC.
Name of publisher, distributor, etc. NEW DELHI: VAYU EDUCATION
942 ## - ADDED ENTRY ELEMENTS (KOHA)
Source of classification or shelving scheme
Koha item type Book Bank
Holdings
Withdrawn status Lost status Source of classification or shelving scheme Damaged status Not for loan Home library Current library Date acquired Full call number Barcode Date last seen Uniform Resource Identifier Price effective from Koha item type Total Checkouts Date last checked out
          IIMT University Central Library Meerut IIMT University Central Library Meerut 06/01/2017 R 01-B-79966 06/01/2017 WORKSHOP TECHNOLOGY 06/01/2017 Reference Book    
          IIMT University Central Library Meerut IIMT University Central Library Meerut 06/01/2017   01-B-79967 06/25/2024 WORKSHOP TECHNOLOGY 06/01/2017 Book Bank 2 05/10/2024
          IIMT University Central Library Meerut IIMT University Central Library Meerut 06/01/2017   01-B-79968 06/24/2025 WORKSHOP TECHNOLOGY 06/01/2017 Book Bank 1 03/06/2025
          IIMT University Central Library Meerut IIMT University Central Library Meerut 06/01/2017   01-B-79969 06/21/2025 WORKSHOP TECHNOLOGY 06/01/2017 Book Bank 1 02/25/2025
          IIMT University Central Library Meerut IIMT University Central Library Meerut 06/01/2017   01-B-79970 06/24/2025 WORKSHOP TECHNOLOGY 06/01/2017 Book Bank 1 02/25/2025
IIMT, Central Library. All Rights Reserved IIMT,UNIVERSITY © 2023
Implemented and Customised by I CLOUDE EMS
You Are OPAC Visitor No
free web counter

Powered by Koha